000 00582cam a22002291 4500
001 sa 68019785
003 DLC
005 20260227112720.0
008 890727s1968 ii d 000 0 urdr
010 _asa 68019785
035 _a(OCoLC)20081917
040 _aDLC
_cWaU
_dDLC
041 0 _aurdara
042 _apremarc
050 0 0 _aPJ6636.U7
_bV3 1968
100 0 _aVaḥīduzzamān̲ Kerānavī.
245 1 3 _aal-Qamūs al-jadīd.
260 _c[1968]
300 _a848 p.
_c19 cm.
650 0 _aUrdu language
_xDictionaries
_xArabic.
740 0 _aUrdū-Arbī dikshnarī.
999 _c89077
_d89077